LEADER 01258nam a2200301 u 4500 001 000000043706 003 CaOOAMICUS 005 20070226114452.0 008 990412s1970 gw u000 u ger u 035 $a10819662 040 $aPUL(R)$bita 245 00$aGrundfragen sowjetischer Aussenpolitik /$cherausgegeben von Boris Meissner und Gotthold Rhode. 260 $aStuttgart :$bW. Kohlhammer,$cc1970. 300 $a175 p. ;$c21 cm 490 1 $aReihe Kohlhammer 500 $aInclude indice. 504 $aBibliografia in nota. 651 4$aUnione Sovietica$xPolitica e governo.$0(OLS)http://pul/subject/10508 651 4$aUnione Sovietica$xPolitica estera.$0(OLS)http://pul/subject/9919 700 1 $aRhode, Gotthold.$0(OLS)http://pul/name/31957 700 1 $aMeissner, Boris.$0(OLS)http://pul/name/31956 830 0$aReihe Kohlhammer.$0(OLS)http://pul/title/58957 850 $aPUL 852 $aPUL$W1$xDP1 Cons. Gen., Altre Classi 1$y22$m45 F 39$j58888$nBK-PRI$b $qStampati$B58888$CPULBib$Z2$F58888 $H $81 941 1 $a8 961 $aINV: 40820 996 $6245$aGrundfragen sowjetischer Aussenpolitik$9(OLS)http://pul/title/58956 996 $6260$aStuttgart :$bW. Kohlhammer$9(OLS)http://pul/publisher/48214 LEADER 01126nam a2200277 a 4500 001 000000147954 003 CaOOAMICUS 005 20151204094806.0 008 151204s1967 fr u000 u fre r 032 $aLibriCat 040 $aPUL$bita 041 1 $afre$hdut 100 1 $aSchoonenberg, Piet,$cS.I.,$d1911-1999.$0(OLS)http://pul/name/11860 240 10$aGods wordende wereld.$lFrancese.$0(OLS)http://pul/title/186693 245 13$aLe monde de Dieu en devenir /$cP. Schoonenberg. 260 $aParis :$bEditions du Centurion,$c©1967. 300 $a235 p. ;$c22 cm. 490 1 $aL'Église en son temps. Etudes ;$v11 650 4$aEvoluzione (filosofia).$0(OLS)http://pul/subject/24008 830 2$aL'Église en son temps. Etudes ;$v11.$0(OLS)http://pul/title/186666 850 $aPUL 852 $aPUL$W1$xDP1 Fondo Bordoni$y120$m3 A 66$j157685$qFondi$B171775$CPULBib$Z2$F171775 $HBor1906 $81 941 1 $a1 996 $6245$aLe monde de Dieu en devenir$9(OLS)http://pul/title/186694 996 $6260$aParis :$bEditions du Centurion$9(OLS)http://pul/publisher/51404